00353nam a2200121Ia 4500003000400000008004100004040001600045082001800061245004700079260008900126300001100215490000500226GCL140319s9999 xx 000 0 ara d aGCL / cGCL04a370.19bم ت10aالتربية وتنمية المجتمع a[S.N] : bمركز ابن خلدون للدراسات الانمائية ، c1992 a148 ص a